000 00602nam a2200241Ia 4500
003 OSt
005 20220924141116.0
006 a|||||r|||| 00| 0
007 ta
008 220923b |||||||| |||| 00| 0 ben d
020 _a8170666171 (hbk)
024 _a297159
037 _cTextual
040 _aARTS
_cARTS
_bben
041 _2ben
_aben
082 _aO157,3NSR1x, N0
100 _aSripantha
_9209436
245 0 _aMangal pander bichar
260 _c1990
650 _aBENGALI LITERATURE
942 _hO157,3NSR1x, N0
_cTEXL
_2CC
999 _c446234
_d446234